000 00615nam a2200217Ia 4500
003 OSt
005 20250721124032.0
008 220923b |||||||| |||| 00| 0 eng d
037 _cReference
040 _aRTL
_cRTL
_beng
041 _2eng
_aeng
084 _aB2892 L0/SC
_qRTL
100 _aRapoport, Anatol
_979974
245 0 _aN-Person game theory: Concepts and applications
260 _aAnn Arbar
_bUniversity of Michigan Press
_c1970
300 _a331 p.
650 _aGame theory
650 _aMathematics
942 _hB2892 LO/SC
_cREF
_2CC
_n0
999 _c478856
_d478856